COMMUNICATION SKILLS (Record no. 33251)
[ view plain ]
| 000 -LEADER | |
|---|---|
| fixed length control field | 00311nam a2200133Ia 4500 |
| 008 - FIXED-LENGTH DATA ELEMENTS--GENERAL INFORMATION | |
| fixed length control field | 210215s9999 xx 000 0 und d |
| 020 ## - INTERNATIONAL STANDARD BOOK NUMBER | |
| International Standard Book Number | 9788193779330 |
| 082 ## - DEWEY DECIMAL CLASSIFICATION NUMBER | |
| Classification number | 615.5 |
| Item number | AGA-C |
| 100 ## - MAIN ENTRY--PERSONAL NAME | |
| Personal name | AGARWAL ASHOK D |
| 245 #0 - TITLE STATEMENT | |
| Title | COMMUNICATION SKILLS |
| 260 ## - PUBLICATION, DISTRIBUTION, ETC. | |
| Name of publisher, distributor, etc. | R .NARAIN PRAKASHAN |
| 300 ## - PHYSICAL DESCRIPTION | |
| Extent | 160 |
| 942 ## - ADDED ENTRY ELEMENTS (KOHA) | |
| Koha item type | Book |
| Withdrawn status | Lost status | Damaged status | Not for loan | Collection code | Permanent Location | Current Location | Shelving location | Date acquired | Cost, normal purchase price | Total Checkouts | Total Renewals | Full call number | Barcode | Date last seen | Date last checked out | Price effective from | Koha item type |
|---|---|---|---|---|---|---|---|---|---|---|---|---|---|---|---|---|---|
| Maharishi School of Pharmaceutical Science (Lucknow) | Maharishi School of Pharmaceutical Science (Lucknow) | R14S2 | 2021-02-15 | 135.00 | 1 | 1 | 615.1 AGA-C | SOPH1208 | 2022-02-07 | 2022-01-07 | 2021-02-15 | Book | |||||
| Maharishi School of Pharmaceutical Science (Lucknow) | Maharishi School of Pharmaceutical Science (Lucknow) | R14S2 | 2021-02-15 | 135.00 | 2 | 615.1 AGA-C | SOPH1209 | 2022-02-19 | 2022-02-04 | 2021-02-15 | Book | ||||||
| Maharishi School of Pharmaceutical Science (Lucknow) | Maharishi School of Pharmaceutical Science (Lucknow) | R2S4 | 2021-02-15 | 135.00 | 615.5 | SOPH1210 | 2021-02-15 | 2021-02-15 | Reference Book | ||||||||
| Maharishi School of Pharmaceutical Science (Lucknow) | Maharishi School of Pharmaceutical Science (Lucknow) | R14S2 | 2021-02-15 | 135.00 | 615.1 AGA-C | SOPH1211 | 2021-02-15 | 2021-02-15 | Book | ||||||||
| Maharishi School of Pharmaceutical Science (Lucknow) | Maharishi School of Pharmaceutical Science (Lucknow) | R14S2 | 2021-02-15 | 135.00 | 615.1 AGA-C | SOPH1212 | 2021-02-15 | 2021-02-15 | Book |